000 00339nam a2200145Ia 4500
008 240624s9999 xx 000 0 und d
041 _aeng
082 _a346.07 BAL
100 _aBALACHANDRAN V
245 _aBUSINESS LAW
250 _a(2nd ed.)
260 _c2009
_aNew Delhi
_bTata McGraw-Hill
300 _a304 : p.
365 _cRS
_b30
999 _c20234
_d20234